<?xml version="1.0" encoding="UTF-8"?><?xml-stylesheet type="text/xsl" href="static/style.xsl"?><OAI-PMH xmlns="http://www.openarchives.org/OAI/2.0/" xmlns:xsi="http://www.w3.org/2001/XMLSchema-instance" xsi:schemaLocation="http://www.openarchives.org/OAI/2.0/ http://www.openarchives.org/OAI/2.0/OAI-PMH.xsd"><responseDate>2026-06-01T14:40:01Z</responseDate><request verb="GetRecord" identifier="oai:riuma.uma.es:10630/9196" metadataPrefix="marc">https://riuma.uma.es/rest/oai/request</request><GetRecord><record><header><identifier>oai:riuma.uma.es:10630/9196</identifier><datestamp>2026-02-03T12:51:50Z</datestamp><setSpec>com_10630_5701</setSpec><setSpec>com_10630_3139</setSpec><setSpec>com_10630_10</setSpec><setSpec>col_10630_8863</setSpec></header><metadata><record xmlns="http://www.loc.gov/MARC21/slim" xmlns:dcterms="http://purl.org/dc/terms/" xmlns:doc="http://www.lyncode.com/xoai" xmlns:xsi="http://www.w3.org/2001/XMLSchema-instance" xsi:schemaLocation="http://www.loc.gov/MARC21/slim http://www.loc.gov/standards/marcxml/schema/MARC21slim.xsd">
   <leader>00925njm 22002777a 4500</leader>
   <datafield ind2=" " ind1=" " tag="042">
      <subfield code="a">dc</subfield>
   </datafield>
   <datafield ind2=" " ind1=" " tag="720">
      <subfield code="a">Morales-Muñoz, Manuel</subfield>
      <subfield code="e">author</subfield>
   </datafield>
   <datafield ind2=" " ind1=" " tag="260">
      <subfield code="c">1991</subfield>
   </datafield>
   <datafield ind2=" " ind1=" " tag="520">
      <subfield code="a">Comúnmente olvidado por la historiografía dedicada al anarquismo rural andaluz, el objetivo de este artículo es describir la organización del campesinado malagueño en las filas de la Federación Regional Española (F.R.E.), desde sus orígenes, en julio de 1872, hasta su disolución el año 1874. Sus primeros pasos, con la creación de la sección de Hortelanos; la huelga de dignidad mantenida por estos durante el otoño-invierno de 1872-73; la extensión del "ideal" anarcocolectivista por la providencia, tras el Congreso de Córdoba (25.XII.1872-1-I.1873), y su paso a la clandestinidad, coincidiendo con la disolución de la F.R.E., son las cuestiones tratadas.</subfield>
   </datafield>
   <datafield ind1="8" ind2=" " tag="024">
      <subfield code="a">Baetica 13, 1991, p. 281-294</subfield>
   </datafield>
   <datafield ind1="8" ind2=" " tag="024">
      <subfield code="a">0212-5099</subfield>
   </datafield>
   <datafield ind1="8" ind2=" " tag="024">
      <subfield code="a">http://hdl.handle.net/10630/9196</subfield>
   </datafield>
   <datafield tag="653" ind2=" " ind1=" ">
      <subfield code="a">Anarquismo - Málaga - 1872-1874</subfield>
   </datafield>
   <datafield ind2="0" ind1="0" tag="245">
      <subfield code="a">En los orígenes del anarquismo agrario: el campesinado malagueño y la "Federación Regional Española", de la A.I.T</subfield>
   </datafield>
</record>
</metadata></record></GetRecord></OAI-PMH>